000 00488nmm a2200169Ia 4500
008 251105s9999||||xx |||||||||||||||||und||
020 _a9788475225821
041 _aspa
100 _aSantamaría, Alberto
245 0 _aNotas de verano sobre ficciones del invierno
264 _a[Madrid, España] :
_bVisor Libros,
_c2005
300 _a88 páginas
490 _aVisor de Poesía
650 _aSpanish poetry
856 _uhttps://public.digitaliapublishing.com/a/76856
942 _cCF
999 _c84978
_d84978